000 00828nam a2200265Ia 4500
003 OSt
005 20220926005239.0
006 a|||||r|||| 00| 0
007 ta
008 220923b |||||||| |||| 00| 0 eng d
020 _a0761997563
037 _cGeneral Book
040 _aRTL
_cRTL
_beng
041 _2eng
_aeng
082 _aY:3(N).2.P, P3
100 _aRamaswamy Sumathi Ed.
_9142754
245 0 _aBeyond appearances?
_b Visual practices and ideologies in modern India
260 _a New Delhi
_bSage Publications India
_c2003
300 _axiii, 412p
_ccm.
490 _aContributions to Indian Sociology, Occasional Studies, 10
500 _aBibliography chapterwise
650 _aSociology
942 _hY:3(N).2.P, P3
_cGB
_2CC
999 _c613271
_d613271